Bytový dom "Machnáč", Bratislava

Gespeichert in:
Bibliographische Detailangaben
1. Verfasser: Lahoda, Martin, 1986- (Verfasst von)
Weitere Verfasser: Prokopčáková, Katarína, 1959- (Betreuung Doktorarbeit)
Format: Manuskript Buch
Sprache:Slowakisch
Veröffentlicht: Bratislava : STU v Bratislave SvF, 2013
Schlagworte:
Online-Zugang:VAIS
Tags: Tag hinzufügen
Keine Tags, Fügen Sie das erste Tag hinzu!

MARC

LEADER 00000ntm a22000003a 4500
001 stu271659
005 20150617230230.3
008 130719s2013----xo------------------slo-d
040 |a STU  |b slo 
041 0 |a slo 
044 |a xo 
100 1 |a Lahoda, Martin,  |d 1986-  |4 aut  |u V  |T SvF Stavebná fakulta  |X 39520  |U V  |Y 10  |7 A000039520 
242 0 0 |a Residential machnac  |y eng 
245 1 |a Bytový dom "Machnáč", Bratislava 
260 |a Bratislava :  |b STU v Bratislave SvF,  |c 2013 
650 7 |a technológia stavieb  |2 stusub 
650 7 |a Building Technology  |2 estusub 
650 7 |a zariadenie staveniska  |2 stusub 
700 1 |a Prokopčáková, Katarína,  |d 1959-  |4 ths  |u V270  |U SvF Stavebná fakulta  |T SvF Katedra technológie stavieb  |X 854  |U V270  |Y 28  |7 A000000854 
856 4 |a info a plný text  |u http://is.stuba.sk/zp/portal_zp.pl?podrobnosti=93014  |3 VAIS